what place if that? - Statistics

General Stats
  • This quiz has been taken 15 times
  • The average score is 8 of 15
Answer Stats
Picture Answer % Correct
china
100%
unitedstates
100%
denmark
79%
lebanon
71%
belgium
64%
kazakhstan
57%
netherlands
57%
azerbaijan
43%
bhutan
43%
tuvalu
36%
capeverde
29%
nauru
29%
mauritius
21%
sierraleone
21%
federatedstatesmicronesia
7%
No matching quizzes found
Score Distribution
Percent of People with Each Score
Percentile by Number Answered
Your Score History
You have not taken this quiz